Partición de herencias entre los musulmanes del rito malequí / (Record no. 116559)

MARC details
000 -LEADER
campo de control de longitud fija 00564nam a2200157 4500
001 - NÚMERO DE CONTROL
campo de control 116559
003 - IDENTIFICADOR DE NÚMERO DE CONTROL
campo de control ES-MaACL
005 - FECHA Y HORA DE LA ÚLTIMA TRANSACCIÓN
campo de control 20230906190728.0
007 - CAMPO FIJO DE DESCRIPCIÓN FÍSICA--INFORMACIÓN GENERAL
campo de control de longitud fija t|
008 - DATOS DE LONGITUD FIJA--INFORMACIÓN GENERAL
campo de control de longitud fija 061121s1914 sp r ||||1| spa d
245 00 - MENCIÓN DEL TÍTULO
Título Partición de herencias entre los musulmanes del rito malequí /
Mención de responsabilidad, etc. con transcripción anotada de dos manuscritos aljamiados por José A. Sánchez Pérez.
260 ## - PUBLICACIÓN, DISTRIBUCIÓN, ETC.
Lugar de publicación, distribución, etc. Madrid :
Nombre del editor, distribuidor, etc. [s.n.],
Fecha de publicación, distribución, etc. 1914 (
Fabricante Imprenta Ibérica)
300 ## - DESCRIPCIÓN FÍSICA
Extensión XV, 312 p. 4 gráf. ;
Dimensiones 23 cm.
700 1# - ENTRADA AGREGADA--NOMBRE PERSONAL
Nombre de persona Sánchez Pérez, José Augusto.
9 (RLIN) 102843
852 ## - LOCALIZACIÓN
Ubicación ES-MaACL
Número de control de estantería B-5062
Holdings
Estatus retirado Estado de pérdida Estado de daño No para préstamo Biblioteca de origen Biblioteca actual Ubicación en estantería Fecha de adquisición Fuente de adquisición Total de préstamos Signatura topográfica completa Código de barras Visto por última vez Precio de reemplazo Tipo de ítem Koha
        Biblioteca del Ateneo de Madrid Biblioteca del Ateneo de Madrid Sala Pardo Bazán 17/01/2008     B-5062 1121541 23/02/2023 23/02/2023 Libro impreso